000 004870000a22001810004500
003 MACL
005 20160413160520.0
008 160413b xxu||||| |||| 00| 0 eng d
040 _aMACL
_cMACL
041 _aHindi
082 _a800
100 _aमलयज
_952281
245 _aसंवाद और एकालाप
260 _bराजकमल प्रकाशन
_c1984
_aपटना
350 _a40
650 _aLiteracture
_952282
942 _cHIN
_k800/MAL/L
_2ddc
999 _c20877
_d20877